LEADER 01439nam a2200325 i 4500 001 000000146184 003 CaOOAMICUS 005 20051220000000.0 008 051220s2005 it u000 u ita u 013 $a122865 020 $a88-215-5402-3 040 $aSeMil$bita 100 1 $aRodríguez Carmona, Antonio.$0(OLS)http://semarc/name/38195 240 13$aLa religión judía : historia y teología.$0(OLS)http://semarc/title/213768 245 13$aLa religione ebraica :$bstoria e teologia /$cAntonio Rodríguez Carmona. 260 $aCinisello Balsamo :$bSan Paolo,$c2005. 300 $a603 p. ;$c24 cm. 490 0 $aL'abside : saggi di teologia ;$v39 500 $aContiene : Glossario ebraico. 650 4$aGiudaismo.$0(OLS)http://semarc/subject/2880 650 4$aGiudaismo - Teologia.$0(OLS)http://semarc/subject/12225 700 1 $aCascasi, Domenico.$0(OLS)http://semarc/name/58180 700 1 $aManna, Antonio.$0(OLS)http://semarc/name/58179 830 2$aL'abside ;$v39.$0(OLS)http://semarc/title/648 850 $aSeMil 852 $aSeMil$W1$xVenegono$y1$m2M VII 39$j98881$B98881$CSeMilBibl$Z2$F107124 $81 961 $aSottoscrizione: Città Nuova (Agente) 996 $6020$a88-215-5402-3$9(OLS)http://semarc/number/134678 996 $6245$aLa religione ebraica :$bstoria e teologia$9(OLS)http://semarc/title/213767 996 $6260$aCinisello Balsamo :$bSan Paolo$9(OLS)http://semarc/publisher/30129 LEADER 01208nam a2200289 i 4500 001 000000077517 003 CaOOAMICUS 005 20010719000000.0 008 010719s1996 it u000 u ita u 013 $a48689 020 $a88-10-40232-4 040 $aSeMil$bita 100 1 $aAlonso Schökel, Luis,$c.$0(OLS)http://semarc/name/1443 245 10$aSalvezza e liberazione :$bl'Esodo /$cLuis Alonso Schökel. 260 $aBologna :$bEDB,$ccopyr. 1996. 300 $a222 p. ;$c24 cm. 490 0 $aEpifania della Parola. Nuova serie ;$v8 500 $aFondo card. C.M. Martini. 650 4$aBibbia. Antico Testamento. Esodo - Commentari, studi, critica, interpretazioni.$0(OLS)http://semarc/subject/6072 830 0$aEpifania della Parola. Nuova serie ;$v8.$0(OLS)http://semarc/title/5921 850 $aSeMil 852 $aSeMil$W1$xVenegono$y1$m2Z III 10$j43669$B43669$CSeMilBibl$Z2$F43228 $81 941 1 $a4 961 $aOmaggio: Martini Card. Carlo Maria 996 $6020$a88-10-40232-4$9(OLS)http://semarc/number/59259 996 $6245$aSalvezza e liberazione :$bl'Esodo$9(OLS)http://semarc/title/125897 996 $6260$aBologna :$bEDB$9(OLS)http://semarc/publisher/29669